Europa en el mundo actual. (Record no. 54988)

MARC details
000 -LEADER
campo de control de longitud fija 00474nam a2200157 i 4500
001 - NÚMERO DE CONTROL
campo de control 54988
003 - IDENTIFICADOR DE NÚMERO DE CONTROL
campo de control ES-MaACL
005 - FECHA Y HORA DE LA ÚLTIMA TRANSACCIÓN
campo de control 20230906163048.0
007 - CAMPO FIJO DE DESCRIPCIÓN FÍSICA--INFORMACIÓN GENERAL
campo de control de longitud fija t|
008 - DATOS DE LONGITUD FIJA--INFORMACIÓN GENERAL
campo de control de longitud fija 030910s1962 sp ||||1| spa d
110 2# - ENTRADA PRINCIPAL--NOMBRE DE ENTIDAD CORPORATIVA
Nombre de entidad corporativa o nombre de jurisdicción como elemento de entrada Movimiento Nacional (España).
Unidad subordinada Delegación Nacional de Organizaciones.
9 (RLIN) 5782
245 10 - MENCIÓN DEL TÍTULO
Título Europa en el mundo actual.
260 ## - PUBLICACIÓN, DISTRIBUCIÓN, ETC.
Lugar de publicación, distribución, etc. [S.l. :
Nombre del editor, distribuidor, etc. s.n.,
Fecha de publicación, distribución, etc. 1962] (
Lugar de fabricación/manufactura Madrid :
Fabricante Gráf. Osca)
300 ## - DESCRIPCIÓN FÍSICA
Extensión 586 p. ;
Dimensiones 27 cm.
852 ## - LOCALIZACIÓN
Ubicación ES-MaACL
Número de control de estantería C-22486
Sublocalización o colección R.51008
Holdings
Estatus retirado Estado de pérdida Estado de daño No para préstamo Biblioteca de origen Biblioteca actual Ubicación en estantería Fecha de adquisición Fuente de adquisición Total de préstamos Signatura topográfica completa Código de barras Visto por última vez Precio de reemplazo Tipo de ítem Koha
        Biblioteca del Ateneo de Madrid Biblioteca del Ateneo de Madrid Galería 17/01/2008     C-22486 1057783 23/02/2023 23/02/2023 Libro impreso